BUBT Library Online Catalog

বাংলা উপন্যাসের কালান্তর / (Record no. 7040)

000 -LEADER
fixed length control field 00953nam a22002177a 4500
003 - CONTROL NUMBER IDENTIFIER
control field BUBTL
008 - FIXED-LENGTH DATA ELEMENTS--GENERAL INFORMATION
fixed length control field 230509b ||||| |||| 00| 0 eng d
020 ## - INTERNATIONAL STANDARD BOOK NUMBER
International Standard Book Number 9788129514745
082 ## - DEWEY DECIMAL CLASSIFICATION NUMBER
Classification number 891.443/ B2232b/ 2021
100 ## - MAIN ENTRY--PERSONAL NAME
9 (RLIN) 5312
Personal name বন্দ্যোপাধ্যায়, সরোজ
245 ## - TITLE STATEMENT
Title বাংলা উপন্যাসের কালান্তর /
Statement of responsibility, etc. সরোজ বন্দ্যোপাধ্যায়
250 ## - EDITION STATEMENT
Edition statement 9th Edn
260 ## - PUBLICATION, DISTRIBUTION, ETC. (IMPRINT)
Place of publication, distribution, etc. কলকাতা:
Name of publisher, distributor, etc. দে’জ পাবলিশিং,
Date of publication, distribution, etc. c2021
300 ## - PHYSICAL DESCRIPTION
Extent 384 p.:
Dimensions 22 cm.
500 ## - GENERAL NOTE
General note Includes index and bibliography
505 ## - FORMATTED CONTENTS NOTE
Formatted contents note বাংলা উপন্যাসের কালান্তর, সরোজ বন্দ্যোপাধ্যায়, বাংলা সাহিত্য
650 #0 - SUBJECT ADDED ENTRY--TOPICAL TERM
9 (RLIN) 1687
Topical term or geographic name as entry element বাংলা সাহিত্য
856 ## - ELECTRONIC LOCATION AND ACCESS
Password 0
Logon 0
Link text Download
942 ## - ADDED ENTRY ELEMENTS (KOHA)
Source of classification or shelving scheme
Koha item type Books
Holdings
Withdrawn status Lost status Source of classification or shelving scheme Damaged status Not for loan Collection code Permanent location Current location Shelving location Date acquired Source of acquisition Inventory number Total Checkouts Full call number Barcode Date last seen Copy number Price effective from Koha item type
        Not For Loan Non-fiction Bangladesh University of Business and Technology Library Bangladesh University of Business and Technology Library Fiction 04/04/2023 Purchase 29404   891.443/ B2232b/ 2021 BUBTL-200329404 05/09/2023 C-1 05/09/2023 Books

More Information About Library

Library Hours

  • Open: 9.00 am. to 9.00 pm.
  • Only Sunday: 9.00 am. to 6.00 pm.
  • Closed: Holiday

Contact to the University

Bangladesh University of Business and Technology Library

  • Mirpurl-2, 1216.
  • Phone:
  • Fax:
  • E-Mail: admin.library@bubt.edu.bd

Contact to the Library

Contact Person:

Md. Abdul Hakim Shah
Joint Librarian
PABX No:  113
Cell No: 01816332931
E-mail: official: admin.library@bubt.edu.bd
Personal: hakim.shah@bubt.edu.bd


BUBT Library

Copyright © 2021